000 00413nam a2200169Ia 4500
008 131103s9999 xx 000 0 und d
020 _a862732514
040 _aLoreto College
041 _aEnglish
082 _aF/HUM
_bLCBED/10586
245 _aHumorous Stories
260 _aLondon
_bOctopus Books
_c1987
300 _a797 p.
_c 23 cm.
650 _aEnglish Fiction
850 _aLCBED/F/HUM
942 _cBK
999 _c32781
_d83260